000 00585nam a2200181Ia 4500
008 090123s9999 xx 000 0 und d
082 _b42151
100 _aपेरेइरा ए. पी.
245 _aतुमचे यश तुमच्या हाती
250 _a2
260 _c2007
300 _a142
600 _aपेरेइरा ए. पी.
630 _aतुमचे यश तुमच्या हाती
700 _aपेरेइरा ए. पी.
730 _aतुमचे यश तुमच्या हाती
942 _cBOOK
999 _c80252
_d80252